<?xml version="1.0" encoding="UTF-8"?><?xml-stylesheet type="text/xsl" href="static/style.xsl"?><OAI-PMH xmlns="http://www.openarchives.org/OAI/2.0/" xmlns:xsi="http://www.w3.org/2001/XMLSchema-instance" xsi:schemaLocation="http://www.openarchives.org/OAI/2.0/ http://www.openarchives.org/OAI/2.0/OAI-PMH.xsd"><responseDate>2026-04-27T21:43:04Z</responseDate><request verb="GetRecord" identifier="oai:uvadoc.uva.es:10324/68563" metadataPrefix="marc">https://uvadoc.uva.es/oai/request</request><GetRecord><record><header><identifier>oai:uvadoc.uva.es:10324/68563</identifier><datestamp>2024-07-08T19:01:01Z</datestamp><setSpec>com_10324_1190</setSpec><setSpec>com_10324_931</setSpec><setSpec>com_10324_894</setSpec><setSpec>col_10324_1352</setSpec></header><metadata><record xmlns="http://www.loc.gov/MARC21/slim" xmlns:doc="http://www.lyncode.com/xoai" xmlns:xsi="http://www.w3.org/2001/XMLSchema-instance" xmlns:dcterms="http://purl.org/dc/terms/" xsi:schemaLocation="http://www.loc.gov/MARC21/slim http://www.loc.gov/standards/marcxml/schema/MARC21slim.xsd">
<leader>00925njm 22002777a 4500</leader>
<datafield tag="042" ind1=" " ind2=" ">
<subfield code="a">dc</subfield>
</datafield>
<datafield tag="720" ind1=" " ind2=" ">
<subfield code="a">Alonso García, Eusebio</subfield>
<subfield code="e">author</subfield>
</datafield>
<datafield tag="260" ind1=" " ind2=" ">
<subfield code="c">2002</subfield>
</datafield>
<datafield tag="520" ind1=" " ind2=" ">
<subfield code="a">Entre 1939, en que emigra a América, y 1956, año en que se publica el libro Marcel Breuer: Sun and Shadow. The Philosophy or and Architect, que resume su obra y su pensamiento arquitectónico, Breuer realizó una ingente cantidad de casas unifamiliares cuyo reconocimiento quedó sancionado con la exposición que el MoMa le dedicó en1948.</subfield>
</datafield>
<datafield tag="024" ind2=" " ind1="8">
<subfield code="a">de la Iglesia, Miguel Ángel. 4 centenarios : Luis Barragán, Marcel Breuer, Arne Jacobsen, José Luis Sert. Valladolid: Universidad de Valladolid, Secretariado de Publicaciones e Intercambio Cientifico, 2002, p.13-39</subfield>
</datafield>
<datafield tag="024" ind2=" " ind1="8">
<subfield code="a">84-8448-201-4</subfield>
</datafield>
<datafield tag="024" ind2=" " ind1="8">
<subfield code="a">https://uvadoc.uva.es/handle/10324/68563</subfield>
</datafield>
<datafield tag="024" ind2=" " ind1="8">
<subfield code="a">13</subfield>
</datafield>
<datafield tag="024" ind2=" " ind1="8">
<subfield code="a">39</subfield>
</datafield>
<datafield tag="024" ind2=" " ind1="8">
<subfield code="a">4 centenarios : Luis Barragán, Marcel Breuer, Arne Jacobsen, José Luis Sert</subfield>
</datafield>
<datafield ind1=" " ind2=" " tag="653">
<subfield code="a">Arquitectura</subfield>
</datafield>
<datafield tag="245" ind1="0" ind2="0">
<subfield code="a">Transparencia y opacidad en las casas de Marcel Breuer</subfield>
</datafield>
</record></metadata></record></GetRecord></OAI-PMH>